000 00479nam a2200169Ia 4500
008 230917s9999||||xx |||||||||||||| ||und||
020 _cRS 795.00
040 _e5006671
_aMAIN
041 _aEnglish
082 _a954.0072 G939H
100 _aGuha, Sumit
245 0 _aHistory and collective memory in South Asia 1200–2000
260 _aRanikhet
_bPermanent Black
_c2019
300 _axiii, 240 p.
500 _a4366 14/01/2022 HBD22/9192 15/01/2022 Main Budget
942 _cBK
999 _c4471
_d4471